000 00595nam a2200229Ia 4500
003 OSt
005 20220918190535.0
006 a|||||r|||| 00| 0
007 ta
008 220917b |||||||| |||| 00| 0 eng d
024 _a57,447
037 _cTextual
040 _aARTS
_cARTS
_beng
041 _2eng
_aeng
082 _aQ1:2:9, G3;M5
100 _aCoomarswamy Ananda K
_973014
245 0 _aNew approach to Vedas
260 _aDelhi
_bAparna Rep
_c1985
650 _aRELIGION
942 _hQ1:2:9, G3;M5
_cTEXL
_2CC
999 _c185674
_d185674